Science Quiz

Random Science or Physics Quiz

S.I. Units Quiz Stats

 Plays Quiz Updated Jun 8, 2018

Score 0/29 Timer 06:00
5 Plays Today
Quantity Unit % Correct
Lengthmetre
98.2%
Masskilogram
97.1%
Timesecond
95.5%
Powerwatt
84%
Electric currentampere
82.6%
Thermodynamic temperaturekelvin
79.9%
Forcenewton
78.4%
Electrical potential differencevolt
76.4%
Energyjoule
73.8%
Frequencyhertz
71.8%
Electrical resistanceohm
71.3%
Angleradian
58.3%
Temperaturedegree Celsius
56.9%
Pressurepascal
55.8%
Electrical chargecoulomb
43.2%
Quantity Unit % Correct
Amount of substancemole
42.8%
Electrical capacitancefarad
34.7%
Magnetic fieldtesla
29%
Luminous intensitycandela
25.1%
Luminous fluxlumen
24.2%
Inductancehenry
19.7%
Illuminancelux
17.1%
Electrical conductancesiemens
13.7%
Magnetic fluxweber
12%
Radioactivitybecquerel
11%
Solid anglesteradian
10.7%
Equivalent radiation dosesievert
9.1%
Absorbed radiation dosegray
8.7%
Catalytic activitykatal
4.3%

You're not logged in!

Compare scores with friends on all Sporcle quizzes.
OR
Log In

Show Comments

Extras

Top Quizzes Today


Score Distribution

Your Account Isn't Verified!

In order to create a playlist on Sporcle, you need to verify the email address you used during registration. Go to your Sporcle Settings to finish the process.

Report this User

Report this user for behavior that violates our Community Guidelines.

Details: